Mysticisme et christianisme (notice n° 2222477)
[ vue normale ]
| 000 -LEADER | |
|---|---|
| fixed length control field | 01274cam a2200169 4500500 |
| 005 - DATE AND TIME OF LATEST TRANSACTION | |
| control field | 20260426010520.0 |
| 041 ## - LANGUAGE CODE | |
| Language code of text/sound track or separate title | fre |
| 042 ## - AUTHENTICATION CODE | |
| Authentication code | dc |
| 100 10 - MAIN ENTRY--PERSONAL NAME | |
| Personal name | Henry, Martin |
| Relator term | author |
| 245 00 - TITLE STATEMENT | |
| Title | Mysticisme et christianisme |
| 260 ## - PUBLICATION, DISTRIBUTION, ETC. | |
| Date of publication, distribution, etc. | 2005.<br/> |
| 500 ## - GENERAL NOTE | |
| General note | 63 |
| 520 ## - SUMMARY, ETC. | |
| Summary, etc. | Retraçant les grandes étapes de l’histoire du mysticisme chrétien, Martin Henry* montre que le christianisme n’est ni hostile ni étranger au mysticisme, mais qu’il ne saurait s’épuiser en lui : le mysticisme chrétien se caractérise par sa conscience singulière d’une distance non résorbable entre l’histoire et la parousie, notre condition présente et notre accomplissement final. |
| 520 ## - SUMMARY, ETC. | |
| Summary, etc. | Recounting the major stages of Christian mysticism throughout history, Martin Henry shows that Christianity is neither hostile nor alien to mysticism; nor it is reducible to it. Christian mysticism is characterised by its awareness of a gap that cannot be filled between history and Second Coming, that is to say our present condition and our fulfilment. |
| 786 0# - DATA SOURCE ENTRY | |
| Note | Études théologiques et religieuses | 80 | 2 | 2005-06-01 | p. 235-259 | 0014-2239 |
| 856 41 - ELECTRONIC LOCATION AND ACCESS | |
| Uniform Resource Identifier | <a href="https://shs.cairn.info/revue-etudes-theologiques-et-religieuses-2005-2-page-235?lang=fr&redirect-ssocas=7080">https://shs.cairn.info/revue-etudes-theologiques-et-religieuses-2005-2-page-235?lang=fr&redirect-ssocas=7080</a> |
Pas d'exemplaire disponible.




Réseaux sociaux